| 000 | 01510nam a2200385 i 4500 | ||
|---|---|---|---|
| 001 | 197878 | ||
| 003 | ES-MaACL | ||
| 005 | 20251212063023.0 | ||
| 007 | ta | ||
| 008 | 251017s2012 sp | |||| 000 0 spa | ||
| 017 |
_aGR 3229-2012 _bOficina Depósito Legal Granada |
||
| 020 | _a978-84-938407-7-8 | ||
| 040 |
_aES-MaACL _bspa _cES-MaACL _erdc |
||
| 080 | _a620.92 | ||
| 080 | _a338.45.02(100)620.9:502.17 | ||
| 100 |
_aSolanilla Franco, Pau, _d1970- _9242396 _eaut |
||
| 245 | 1 | 3 |
_aLa energía de lo pequeño : _bdemocracia, tecnología y territorio / _cPau Solanilla Franco, Álvaro Ponce Plaza ; prólogo de Mariano Guindal |
| 260 |
_aGranada _bAlgón _c2012 |
||
| 264 | 1 |
_a[Granada] : _bAlgón Editores, _c2012 |
|
| 300 |
_a188 páginas : _bilustraciones, gráficas ; _c22 cm |
||
| 336 |
_aTexto _2rdacontent |
||
| 337 |
_asin mediación _2rdamedia |
||
| 338 |
_2rdacarrier _avolumen |
||
| 490 | 0 |
_aColección Algón ; _vnº 12 |
|
| 504 | _aIncluye referencias bibliográficas e índice | ||
| 650 | 4 |
_aRecursos energéticos renovables _916698 |
|
| 650 | 4 |
_aPolítica energética _xAspectos ambientales _9152329 |
|
| 700 |
_aPonce Plaza, Álvaro _9242397 _eaut |
||
| 852 |
_aES-MaACL _cDEPO1 _jA-15867 _hDonación: José Lázaro García _xEncuadernación rústica con solapas _9206984 |
||
| 942 |
_cMONOGRAFIA _n0 |
||
| 956 | _a2 | ||
| 999 |
_c197878 _d197878 |
||